Novelizovaný zákon o dani z pridanej hodnoty s aktualizovanou dôvodovou správou v úplnom znení

Bibliographic Details
Corporate Author: Slovensko (Author)
Format: Book
Language:Slovak
PhysicalDescription:102 s. 21 cm
Published: Bratislava Epos 2016
ISBN:9788056201145
Series:Novelizované zákony s dôvodovými správami v úplnom znení
Subjects:

MARC

LEADER 00000nam a2200000 a 4500
001 vtls011471281
003 SK-MaSNL
005 20260426005824.0
008 190927s2016 xo f lf 000 0 slo
015 |a SNBI2016 
020 |a 9788056201145  |q (brož.) 
035 |a urn:nbn:sk:snk-am00azb7 
035 |a urn:nbn:sk:snk-am3h913 
035 |a C7973FA3-EF8D-48DE-91FE-7DE3192B6A3B 
040 |a SNK  |b slo  |c SNK  |e AACR2 
041 0 |a slo 
043 |a e-xo--- 
044 |a xo  |c SK 
072 7 |a 336.1/.5  |x Verejné financie  |2 konspekt 
080 |a 336.226.322  |2 2011 
080 |a 351.72  |2 2011 
080 |a (437.6)  |2 2011 
080 |a (094.5)  |2 2011 
080 |a (035)  |2 2011 
110 1 |a Slovensko  |4 aut  |9 266955 
240 1 0 |a Zákon o dani z pridanej hodnoty (2004, novela 2015) 
245 1 0 |a Novelizovaný zákon o dani z pridanej hodnoty s aktualizovanou dôvodovou správou v úplnom znení 
260 |a Bratislava  |b Epos  |c 2016 
300 |a 102 s.  |c 21 cm 
490 1 |a Novelizované zákony s dôvodovými správami v úplnom znení 
500 |a Špecializovaná edícia neperiodických publikácií ; predpisy pre podnikateľskú sféru ; ročník 2016 
650 0 7 |a daň z pridanej hodnoty  |2 SNKPH  |9 2119 
650 0 7 |a Value-added tax  |2 SNKPHeng  |9 276078 
651 7 |a Slovensko  |2 SNKPH  |9 14231 
651 7 |a Slovakia  |2 SNKPHeng  |9 92630 
655 7 |a zákony  |2 SNKPH  |9 70186 
655 7 |a príručky  |2 SNKPH  |9 74364 
655 7 |a Laws  |2 SNKPHeng  |9 266957 
655 7 |a Handbooks, manuals, etc.  |2 SNKPHeng  |9 90964 
830 0 |a Novelizované zákony s dôvodovými správami v úplnom znení  |9 293588 
919 |a 978-80-562-0114-5 
999 |c 1017813  |d 1019743 
952 |a SNK  |b SNK  |y PREZ  |7 0  |p 17A1179912  |o snkSC 167984  |i snk2016/3215  |8 0  |0 0  |1 0  |4 0  |d 2016-02-08  |f 1  |l 0  |r 2026-02-24 13:14:21  |w 2026-02-24 
952 |a SNK  |b SNK  |y VYP  |7 0  |p 17A1179913  |o snkSC 167984 D1  |i snk2016/3216  |8 0  |0 0  |1 0  |4 0  |d 2016-02-08  |l 0  |r 2026-02-24 13:14:21  |w 2026-02-24